| 000 | 00625nam a2200229 i 4500 | ||
|---|---|---|---|
| 001 | 6753 | ||
| 003 | ES-MaACL | ||
| 005 | 20230906145058.0 | ||
| 008 | 900316s1975 sp ||||1| spa d | ||
| 020 | _a84-256-0275-0 | ||
| 080 | _a32(46)"1973/1975" | ||
| 080 | _a070.1(46)"1973/1975" | ||
| 110 | 2 |
_aTácito (Grupo) _9172446 |
|
| 245 | 1 | 0 | _aTácito. |
| 260 |
_aMadrid : _bIbérico Europea, _c[1975] |
||
| 300 |
_a416 p. ; _c22 cm. |
||
| 490 | 1 | _aNuestro siglo | |
| 651 | 4 |
_aEspaña- _xHistoria- _y1939-1975, Dictadura. _9167928 |
|
| 830 | 1 |
_aNuestro siglo _9177842 |
|
| 852 |
_aES-MaACL _jL-13968 |
||
| 999 |
_c6753 _d6753 |
||